Adaptations télévisuelles et figures temporelles (notice n° 1660371)
[ vue normale ]
| 000 -LEADER | |
|---|---|
| fixed length control field | 02041cam a2200169 4500500 |
| 005 - DATE AND TIME OF LATEST TRANSACTION | |
| control field | 20260208013549.0 |
| 041 ## - LANGUAGE CODE | |
| Language code of text/sound track or separate title | fre |
| 042 ## - AUTHENTICATION CODE | |
| Authentication code | dc |
| 100 10 - MAIN ENTRY--PERSONAL NAME | |
| Personal name | Chalvon-Demersay, Sabine |
| Relator term | author |
| 245 00 - TITLE STATEMENT | |
| Title | Adaptations télévisuelles et figures temporelles |
| 260 ## - PUBLICATION, DISTRIBUTION, ETC. | |
| Date of publication, distribution, etc. | 2005.<br/> |
| 500 ## - GENERAL NOTE | |
| General note | 23 |
| 520 ## - SUMMARY, ETC. | |
| Summary, etc. | Cet article se propose d’analyser les variantes successives pour la télévision des Misérables de Victor Hugo, en considérant la notion d’adaptation au sens fort, non seulement comme un résultat mais aussi comme une activité. L’enquête se fonde sur les déclarations d’intentions des auteurs-adaptateurs, en se centrant tout particulièrement sur les figures temporelles qu’ils mobilisent pour caractériser leur démarche. Il s’agit d’analyser comment l’évolution des modalités d’interpolation des temporalités les conduit à transformer les ressorts d’action de leurs personnages, rendant ainsi, du fait de la résistance du texte original, plus visibles les tensions, contradictions, apories des modèles anthropologiques qui, successivement, les habitent. |
| 520 ## - SUMMARY, ETC. | |
| Summary, etc. | TV ADAPTATIONS AND TEMPORAL FIGURES. The seven faces of Les Misérables In this article which examines the successive TV adaptations of Victor Hugo’s Les Misérables, the notion of adaptation is considered not only as a result but also as an activity. The study is based on the stated intentions of author-adapters, with a particular focus on the temporal figures that they mobilize to characterize their approach. The author analyses how the evolution of the modalities of interpolation of temporalities leads these author-adapters to transform the motivations of their characters’action. Due to the resistance of the original text, the tensions, contradictions and aporia of the anthropological models that successively inhabit them are highlighted. |
| 786 0# - DATA SOURCE ENTRY | |
| Note | Réseaux | 132 | 4 | 2005-08-01 | p. 135-184 | 0751-7971 |
| 856 41 - ELECTRONIC LOCATION AND ACCESS | |
| Uniform Resource Identifier | <a href="https://shs.cairn.info/revue-reseaux1-2005-4-page-135?lang=fr&redirect-ssocas=7080">https://shs.cairn.info/revue-reseaux1-2005-4-page-135?lang=fr&redirect-ssocas=7080</a> |
Pas d'exemplaire disponible.




Réseaux sociaux